Príčiny vzniku finančnej krízy a jej dopady na svetový trh diplomová práca

Gespeichert in:
Bibliographische Detailangaben
1. Verfasser: Zimková, Jana
Körperschaft: Podnikovohospodárska fakulta EU so sídlom v Košiciach. Katedra ekonómie
Weitere Verfasser: Porvazník, Ján
Format: Buch
Sprache:Slowakisch
Veröffentlicht: Košice 2010
Tags: Tag hinzufügen
Keine Tags, Fügen Sie das erste Tag hinzu!

MARC

LEADER 00000nam$a2200000$$$4500
001 0123607
005 20240827092904.2
041 0 |a slo 
044 |a SK 
245 1 0 |a Príčiny vzniku finančnej krízy a jej dopady na svetový trh  |b diplomová práca  |c Jana Zimková ; škol. Ján Porvazník 
264 1 |a Košice  |c 2010 
300 |a 78 s. 
100 1 |a Zimková, Jana 
700 1 |a Porvazník, Ján 
710 2 |a Podnikovohospodárska fakulta EU so sídlom v Košiciach. Katedra ekonómie